Statistics for Click X 1000 Times.

Click here to take the quiz!

General Stats

  • This quiz has been taken 27 times
  • The average score is 254 of 500

Answer Stats

HintAnswer% Correct
xxxx
100%
xxxx
100%
xxxx
100%
xxxx
100%
xxxx
100%
xxxx
100%
xxxx
100%
xxxx
100%
xxxx
100%
xxxx
100%
xxxx
100%
xxxx
100%
xxxx
100%
xxxx
100%
xxxx
100%
xxxx
100%
xxxx
100%
xxxx
100%
xxxx
100%
xxxx
100%
xxxx
100%
xxxx
100%
xxxx
100%
xxxx
100%
xxxx
94%
xxxx
94%
xxxx
94%
xxxx
94%
xxxx
94%
xxxx
94%
xxxx
94%
xxxx
94%
xxxx
94%
xxxx
94%
xxxx
94%
xxxx
94%
xxxx
94%
xxxx
94%
xxxx
94%
xxxx
94%
xxxx
94%
xxxx
94%
xxxx
94%
xxxx
94%
xxxx
94%
xxxx
94%
xxxx
94%
xxxx
94%
xxxx
94%
xxxx
94%
xxxx
94%
xxxx
94%
xxxx
94%
xxxx
94%
xxxx
94%
xxxx
94%
xxxx
94%
xxxx
94%
xxxx
94%
xxxx
94%
xxxx
94%
xxxx
94%
xxxx
94%
xxxx
94%
xxxx
94%
xxxx
94%
xxxx
94%
xxxx
94%
xxxx
94%
xxxx
94%
xxxx
88%
xxxx
88%
xxxx
88%
xxxx
88%
xxxx
88%
xxxx
88%
xxxx
88%
xxxx
88%
xxxx
88%
xxxx
88%
xxxx
88%
xxxx
88%
xxxx
88%
xxxx
88%
xxxx
88%
xxxx
88%
xxxx
88%
xxxx
88%
xxxx
88%
xxxx
88%
xxxx
88%
xxxx
82%
xxxx
82%
xxxx
82%
xxxx
82%
xxxx
82%
xxxx
82%
xxxx
82%
xxxx
76%
xxxx
76%
xxxx
76%
xxxx
71%
xxxx
71%
xxxx
65%
xxxx
59%
xxxx
59%
xxxx
59%
xxxx
59%
xxxx
59%
xxxx
59%
xxxx
59%
xxxx
59%
xxxx
59%
xxxx
59%
xxxx
59%
xxxx
59%
xxxx
59%
xxxx
59%
xxxx
59%
xxxx
59%
xxxx
59%
xxxx
59%
xxxx
59%
xxxx
59%
xxxx
59%
xxxx
59%
xxxx
59%
xxxx
59%
xxxx
59%
xxxx
59%
xxxx
59%
xxxx
59%
xxxx
59%
xxxx
59%
xxxx
59%
xxxx
59%
xxxx
59%
xxxx
59%
xxxx
53%
xxxx
53%
xxxx
53%
xxxx
53%
xxxx
53%
xxxx
53%
xxxx
53%
xxxx
53%
xxxx
53%
xxxx
53%
xxxx
53%
xxxx
53%
xxxx
53%
xxxx
53%
xxxx
53%
xxxx
53%
xxxx
53%
xxxx
53%
xxxx
53%
xxxx
53%
xxxx
53%
xxxx
53%
xxxx
53%
xxxx
53%
xxxx
53%
xxxx
53%
xxxx
53%
xxxx
53%
xxxx
53%
xxxx
53%
xxxx
53%
xxxx
53%
xxxx
53%
xxxx
53%
xxxx
53%
xxxx
53%
xxxx
53%
xxxx
53%
xxxx
53%
xxxx
53%
xxxx
53%
xxxx
53%
xxxx
53%
xxxx
53%
xxxx
53%
xxxx
53%
xxxx
53%
xxxx
53%
xxxx
53%
xxxx
53%
xxxx
53%
xxxx
53%
xxxx
53%
xxxx
53%
xxxx
53%
xxxx
53%
xxxx
53%
xxxx
53%
xxxx
53%
xxxx
53%
xxxx
53%
xxxx
53%
xxxx
53%
xxxx
53%
xxxx
53%
xxxx
53%
xxxx
53%
xxxx
53%
xxxx
53%
xxxx
53%
xxxx
53%
xxxx
53%
xxxx
53%
xxxx
53%
xxxx
53%
xxxx
53%
xxxx
53%
xxxx
53%
xxxx
53%
xxxx
53%
xxxx
53%
xxxx
53%
xxxx
53%
xxxx
53%
xxxx
53%
xxxx
53%
xxxx
53%
xxxx
53%
xxxx
53%
xxxx
53%
xxxx
53%
xxxx
53%
xxxx
53%
xxxx
53%
xxxx
53%
xxxx
53%
xxxx
53%
xxxx
53%
xxxx
53%
xxxx
53%
xxxx
53%
xxxx
53%
xxxx
53%
xxxx
53%
xxxx
53%
xxxx
53%
xxxx
53%
xxxx
53%
xxxx
53%
xxxx
53%
xxxx
53%
xxxx
53%
xxxx
53%
xxxx
53%
xxxx
53%
xxxx
53%
xxxx
53%
xxxx
53%
xxxx
53%
xxxx
53%
xxxx
53%
xxxx
53%
xxxx
53%
xxxx
53%
xxxx
53%
xxxx
53%
xxxx
53%
xxxx
53%
xxxx
53%
xxxx
53%
xxxx
53%
xxxx
53%
xxxx
53%
xxxx
53%
xxxx
53%
xxxx
53%
xxxx
53%
xxxx
53%
xxxx
53%
xxxx
53%
xxxx
53%
xxxx
53%
xxxx
53%
xxxx
53%
xxxx
53%
xxxx
53%
xxxx
53%
xxxx
53%
xxxx
53%
xxxx
53%
xxxx
53%
xxxx
53%
xxxx
53%
xxxx
53%
xxxx
53%
xxxx
53%
xxxx
53%
xxxx
53%
xxxx
53%
xxxx
53%
xxxx
53%
xxxx
53%
xxxx
53%
xxxx
53%
xxxx
53%
xxxx
53%
xxxx
53%
xxxx
53%
xxxx
53%
xxxx
53%
xxxx
53%
xxxx
53%
xxxx
53%
xxxx
53%
xxxx
53%
xxxx
53%
xxxx
53%
xxxx
53%
xxxx
53%
xxxx
53%
xxxx
53%
xxxx
53%
xxxx
53%
xxxx
53%
xxxx
53%
xxxx
53%
xxxx
47%
xxxx
47%
xxxx
47%
xxxx
47%
xxxx
47%
xxxx
47%
xxxx
47%
xxxx
47%
xxxx
47%
xxxx
47%
xxxx
47%
xxxx
47%
xxxx
47%
xxxx
47%
xxxx
47%
xxxx
47%
xxxx
47%
xxxx
41%
xxxx
41%
xxxx
41%
xxxx
41%
xxxx
41%
xxxx
41%
xxxx
41%
xxxx
41%
xxxx
41%
xxxx
41%
xxxx
41%
xxxx
41%
xxxx
41%
xxxx
41%
xxxx
41%
xxxx
41%
xxxx
41%
xxxx
41%
xxxx
41%
xxxx
41%
xxxx
41%
xxxx
41%
xxxx
41%
xxxx
41%
xxxx
41%
xxxx
41%
xxxx
41%
xxxx
41%
xxxx
41%
xxxx
41%
xxxx
41%
xxxx
41%
xxxx
41%
xxxx
41%
xxxx
41%
xxxx
41%
xxxx
35%
xxxx
35%
xxxx
35%
xxxx
35%
xxxx
35%
xxxx
35%
xxxx
35%
xxxx
35%
xxxx
35%
xxxx
35%
xxxx
35%
xxxx
35%
xxxx
29%
xxxx
29%
xxxx
29%
xxxx
29%
xxxx
29%
xxxx
29%
xxxx
29%
xxxx
29%
xxxx
29%
xxxx
29%
xxxx
29%
xxxx
29%
xxxx
29%
xxxx
29%
xxxx
29%
xxxx
29%
xxxx
29%
xxxx
29%
xxxx
29%
xxxx
29%
xxxx
29%
xxxx
29%
xxxx
29%
xxxx
29%
xxxx
29%
xxxx
24%
xxxx
24%
xxxx
24%
xxxx
18%
xxxx
12%
xxxx
12%
xxxx
12%
xxxx
12%
xxxx
12%
xxxx
12%
xxxx
12%
xxxx
12%
xxxx
12%
xxxx
12%
xxxx
12%
xxxx
12%
xxxx
12%
xxxx
12%
xxxx
12%
xxxx
12%
xxxx
12%
xxxx
12%
xxxx
12%
xxxx
12%
xxxx
12%
xxxx
12%
xxxx
12%
xxxx
12%
xxxx
12%
xxxx
12%
xxxx
12%
xxxx
12%
xxxx
12%
xxxx
12%
xxxx
12%
xxxx
12%
xxxx
12%
xxxx
12%
xxxx
12%
xxxx
6%
xxxx
6%
xxxx
6%
xxxx
6%
xxxx
0%
xxxx
0%
xxxx
0%
xxxx
0%
xxxx
0%
xxxx
0%
xxxx
0%
xxxx
0%
xxxx
0%
xxxx
0%
xxxx
0%
xxxx
0%
xxxx
0%
xxxx
0%
xxxx
0%
xxxx
0%
xxxx
0%
xxxx
0%
xxxx
0%
xxxx
0%
xxxx
0%
xxxx
0%
xxxx
0%
xxxx
0%
xxxx
0%
xxxx
0%
xxxx
0%
xxxx
0%
xxxx
0%
xxxx
0%
xxxx
0%
xxxx
0%
xxxx
0%
xxxx
0%
xxxx
0%
xxxx
0%
xxxx
0%
xxxx
0%
xxxx
0%
xxxx
0%
xxxx
0%
xxxx
0%
xxxx
0%

Score Distribution

Percentile by Number Answered

Percent of People with Each Score

Your Score History

You have not taken this quiz